000 01379nam0a22003611 4500
001 rc\3019774
005 20250806201338.0
035 _a(NLR Aleph) 007161923
090 _a23130
_c23130
100 _a20090914d1945 u y0rusy50 ca
101 0 _arus
102 _aRU
105 _ay z ||||y
200 1 _aСибирские очерки и рассказы
_fВ.Г. Короленко
210 _aИркутск
_cИркут. обл. изд-во
_d1945
_g1-я гос. типолит.
215 _a191 с.
_d20 см
327 1 _aСодерж.: Сон Макара; Убивец; Черкес; Марусина заимка; "Государевы ямщики"; Мороз; Последний луч; Огоньки
464 0 _12001#$aСон Макара
464 0 _12001#$aУбивец
464 0 _12001#$aЧеркес
464 0 _12001#$aМарусина заимка
464 0 _12001#$a"Государевы ямщики"
464 0 _12001#$aМороз
464 0 _12001#$aПоследний луч
464 0 _12001#$aОгоньки
700 1 _aКороленко
_bВ.Г.
_gВладимир Галактионович
801 0 _aRU
_bNLR
_gpsbo
801 1 _aRU
_bELAR
_2rusmarc
852 _aNLR
_bЛ
_j30 Г-3/342
942 _cBOOK
945 _aРоссийская национальная библиотека
980 _aNB
980 _aBV